Gaming Quiz

Random Gaming or Pokémon Quiz

Can you name all the Pseudo-Legendary Pokemon? Quiz Stats

 Plays Quiz not verified by Sporcle

Challenge
Share
Tweet
Embed
Score 0/7 Timer 05:00
0 Plays Today
Type Pokemon % Correct
Dragon/FlyingDragonite
100%
Rock/DarkTyranitar
96.8%
Steel/PsychicMetagross
93.5%
Dragon/FlyingSalamence
92.5%
Dragon/GroundGarchomp
91.4%
Dark/DragonHydreigon
87.1%
DragonGoodra
84.9%

You're not logged in!

Compare scores with friends on all Sporcle quizzes.
Join for Free
OR
Log In

You Might Also Like...

Show Comments

Extras

Top Quizzes Today


Score Distribution

Your Account Isn't Verified!

In order to create a playlist on Sporcle, you need to verify the email address you used during registration. Go to your Sporcle Settings to finish the process.

Report this User

Report this user for behavior that violates our Community Guidelines.

Details: